00677nam a2200229 a 450000100060000000300080000600500170001400800410003103500190007204000270009104100080011808200220012610000270014824500670017525000140024226000400025630000340029635000100033050400360034065100320037665100390040864970BD-RjUL20211209081355.0171225s1968 pk b b 000 0 eng  a(BD-RjUL)65100 aDLCcDLCdBD-RjULbeng aeng00a934223bOJH 19681 aOjha, Kailash Chandra.14aThe history of foreign rule in ancient India /cby K. C. Ojha. a[1st ed.] aAllahabad :bGyan Prakashan,c1968. avii, 200 p. :bill. ;c22 cm. a20.00 aIncludes index and bibliography 0aIndiaxHistoryyTo 324 B.C. 0aIndiaxHistoryy324 B.C.-1000 A.D.